[Event "Donau op 32nd"]
[Site "Aschach"]
[Date "2023.12.31"]
[Round "7"]
[White "Haas, Michael"]
[Black "Reich, Thomas"]
[Result "0-1"]
[WhiteElo "2135"]
[BlackElo "2330"]
[PlyCount "104"]
[EventDate "2023.12.26"]
[EventType "swiss"]
[EventRounds "7"]
[EventCountry "AUT"]
[SourceTitle "EXT 2025"]
[Source "ChessBase"]
[SourceDate "2024.10.14"]
[SourceVersion "1"]
[SourceVersionDate "2024.10.14"]
[SourceQuality "1"]

1. d4 g6 2. c4 Bg7 3. g3 Nf6 4. Bg2 0-0 5. Nc3 d6 6. Nf3 Nc6 7. 0-0 Bf5 8. d5 Na5 9. b3 c5 10. Bd2 b6 11. Rc1 Qd7 12. Qe1 Bh3 13. e4 Bxg2 14. Kxg2 e5 15. h3 Nb7 16. Qe2 Rae8 17. Rce1 Nd8 18. Nh2 Kh8 19. Rg1 Nh5 20. Qd3 f5 21. f3 Nf7 22. Ne2 f4 23. g4 Nf6 24. a4 h5 25. Ra1 Ng5 26. Nc3 Bh6 27. h4 Nxf3 28. Kxf3 g5 29. hxg5 Bxg5 30. Qf1 Bh4 31. gxh5 Bg3 32. Qg2 Rg8 33. Ke2 Be1 34. Qh1 Rxg1 35. Qxg1 Bxd2 36. Kxd2 Rg8 37. Qf2 Qh3 38. Rg1 Qe3+ 39. Qxe3 fxe3+ 40. Kxe3 Rxg1 41. Nb5 Ne8 42. Nf3 Rb1 43. Nd2 Re1+ 44. Kf2 Rd1 45. Ke2 Rg1 46. Nxa7 Rg7 47. Nc8 Rb7 48. Kf3 Kg7 49. Kg4 Kf6 50. h6 Kg6 51. h7 Rxh7 52. Nf3 Nf6+ 0-1

[Event "Podbanske Tatra Cup 69th"]
[Site "Podbanske"]
[Date "2023.10.05"]
[Round "6"]
[White "Gay, Lukas"]
[Black "Haas, Michael"]
[Result "0-1"]
[WhiteElo "1762"]
[BlackElo "2142"]
[PlyCount "46"]
[EventDate "2023.10.01"]
[EventType "swiss"]
[EventRounds "7"]
[EventCountry "SVK"]
[SourceTitle "CBM 216 Extra"]
[Source "ChessBase"]
[SourceDate "2023.11.30"]
[SourceVersion "1"]
[SourceVersionDate "2023.11.30"]
[SourceQuality "1"]

1. e4 e6 2. Nf3 d5 3. Nc3 d4 4. Ne2 c5 5. c3 Nc6 6. cxd4 cxd4 7. Qa4 Bc5 8. b4 Bxb4 9. Nexd4 Qa5 10. Qxa5 Bxa5 11. Bb5 Bd7 12. Bxc6 bxc6 13. Ne5 Rc8 14. Ba3 Nf6 15. f3 Bc7 16. Nc4 c5 17. Nb3 Bb5 18. Rc1 0-0 19. Bxc5 Rfd8 20. 0-0 Nd7 21. Be7 Re8 22. Nd4 Bxc4 23. Rxc4 Bxh2+ 0-1

[Event "Podbanske Tatra Cup 69th"]
[Site "Podbanske"]
[Date "2023.10.03"]
[Round "4"]
[White "Tyda, Krzysztof"]
[Black "Haas, Michael"]
[Result "0-1"]
[WhiteElo "1691"]
[BlackElo "2142"]
[PlyCount "76"]
[EventDate "2023.10.01"]
[EventType "swiss"]
[EventRounds "7"]
[EventCountry "SVK"]
[SourceTitle "CBM 216 Extra"]
[Source "ChessBase"]
[SourceDate "2023.11.30"]
[SourceVersion "1"]
[SourceVersionDate "2023.11.30"]
[SourceQuality "1"]

1. d4 d5 2. c4 dxc4 3. Nf3 Nf6 4. e3 Bg4 5. Bxc4 e6 6. 0-0 Bd6 7. Nc3 Nbd7 8. e4 e5 9. Be3 0-0 10. Be2 Qe7 11. Qc2 Rfe8 12. d5 Bc5 13. Qd2 Bxe3 14. Qxe3 Qc5 15. Qd2 a6 16. Rac1 Qd6 17. Nh4 Bxe2 18. Nf5 Qf8 19. Qxe2 c6 20. dxc6 bxc6 21. Rfd1 g6 22. Nd6 Re6 23. Qd2 Rd8 24. Nc4 Ree8 25. Qg5 h6 26. Qg3 Qb4 27. b3 Nc5 28. Qf3 Rxd1+ 29. Rxd1 Kg7 30. h4 h5 31. Rd6 Ncxe4 32. Nxe4 Qe1+ 33. Kh2 Nxe4 34. Rxc6 Nxf2 35. g3 Ng4+ 36. Kg2 e4 37. Qf1 Qc3 38. Rc7 Qc2+ 0-1

[Event "Titled Tuesday intern op 28th Jun Early"]
[Site "Chess.com INT"]
[Date "2022.06.28"]
[Round "5"]
[White "Richter, Nils"]
[Black "Haas, Michael"]
[Result "1-0"]
[WhiteElo "2359"]
[BlackElo "2197"]
[PlyCount "80"]
[EventDate "2022.06.28"]
[EventType "swiss (blitz)"]
[EventRounds "11"]
[EventCountry "USA"]
[SourceTitle "CBM 209 Extra"]
[Source "ChessBase"]
[SourceDate "2022.09.30"]
[SourceVersion "1"]
[SourceVersionDate "2022.09.30"]
[SourceQuality "1"]

1. e4 e6 2. d4 d5 3. Nd2 c5 4. exd5 Qxd5 5. Ngf3 cxd4 6. Bc4 Qd6 7. 0-0 Nf6 8. Nb3 Nc6 9. Nbxd4 Nxd4 10. Qxd4 Qxd4 11. Nxd4 Bc5 12. Nb5 0-0 13. Nc7 Rb8 14. Bf4 b5 15. Nxb5 Rb7 16. b3 Nd5 17. Bd6 Bxd6 18. Nxd6 Rd7 19. Nxc8 Rxc8 20. Rad1 Rcd8 21. Bxd5 Rxd5 22. Rxd5 Rxd5 23. Rc1 Kf8 24. Kf1 Ke7 25. Ke2 Kd6 26. c4 Re5+ 27. Kd3 Kc5 28. a3 a5 29. Rb1 Rh5 30. b4+ axb4 31. axb4+ Kc6 32. h3 Rg5 33. g3 Rh5 34. h4 g5 35. hxg5 Rxg5 36. Ra1 Rf5 37. f4 Kb7 38. Ke4 h5 39. Ra5 Rxa5 40. bxa5 Ka6 1-0

[Event "Titled Tuesday intern op 31st May Early"]
[Site "Chess.com INT"]
[Date "2022.05.31"]
[Round "11"]
[White "D'Arruda, Ricardo D"]
[Black "Haas, Michael"]
[Result "0-1"]
[WhiteElo "2271"]
[BlackElo "2197"]
[PlyCount "80"]
[EventDate "2022.05.31"]
[EventType "swiss (blitz)"]
[EventRounds "11"]
[EventCountry "USA"]
[SourceTitle "CBM 208 Extra"]
[Source "ChessBase"]
[SourceDate "2022.07.31"]
[SourceVersion "1"]
[SourceVersionDate "2022.07.31"]
[SourceQuality "1"]

1. d4 d5 2. Nf3 Nf6 3. c4 e6 4. Nc3 Be7 5. e3 0-0 6. Bd3 b6 7. e4 dxe4 8. Nxe4 Bb7 9. Qe2 Nxe4 10. Bxe4 Bxe4 11. Qxe4 Nd7 12. 0-0 Nf6 13. Qe2 c5 14. Rd1 Qc7 15. b3 Rad8 16. Bb2 cxd4 17. Nxd4 a6 18. h3 Rd7 19. Rd3 Rfd8 20. Rad1 Bc5 21. Nxe6 Rxd3 22. Nxc7 Rxd1+ 23. Kh2 R1d2 24. Qe1 Rxb2 25. Nxa6 Rxa2 26. Nxc5 bxc5 27. Qe7 Rc8 28. Qb7 Raa8 29. g4 h6 30. f3 Rab8 31. Qa6 Re8 32. Qa4 Re3 33. Qa7 Rbxb3 34. Qxc5 Rxf3 35. Qc8+ Kh7 36. c5 Rb2+ 37. Kg1 Rc2 38. c6 g6 39. Qf8 Nd5 40. Qd6 Rd3 0-1

[Event "Titled Tuesday intern op 31st May Early"]
[Site "Chess.com INT"]
[Date "2022.05.31"]
[Round "6"]
[White "Haas, Michael"]
[Black "Large, Peter G"]
[Result "0-1"]
[WhiteElo "2197"]
[BlackElo "2285"]
[PlyCount "64"]
[EventDate "2022.05.31"]
[EventType "swiss (blitz)"]
[EventRounds "11"]
[EventCountry "USA"]
[SourceTitle "CBM 208 Extra"]
[Source "ChessBase"]
[SourceDate "2022.07.31"]
[SourceVersion "1"]
[SourceVersionDate "2022.07.31"]
[SourceQuality "1"]

1. d4 e6 2. c4 Nf6 3. g3 d5 4. Bg2 dxc4 5. Nf3 Nc6 6. 0-0 Rb8 7. a4 a6 8. a5 b5 9. axb6 cxb6 10. Qc2 b5 11. b3 Nb4 12. Qd2 cxb3 13. Ne5 Bb7 14. Bxb7 Rxb7 15. Qb2 Be7 16. Bd2 Qb6 17. Bxb4 Bxb4 18. Rc1 0-0 19. Rc6 Qd8 20. Raxa6 Qd5 21. Nd3 Be7 22. Nd2 Qh5 23. Nf3 Qd5 24. Nf4 Qe4 25. Nd2 Qf5 26. Qxb3 b4 27. Nc4 h5 28. Ne5 h4 29. Kg2 g5 30. Nfd3 h3+ 31. Kg1 Qe4 32. e3 Qg2# 0-1

[Event "Titled Tuesday intern op 24th May Late"]
[Site "Chess.com INT"]
[Date "2022.05.24"]
[Round "8"]
[White "Bernal Moro, Luis Javier"]
[Black "Haas, Michael"]
[Result "1-0"]
[WhiteElo "2404"]
[BlackElo "2197"]
[PlyCount "83"]
[EventDate "2022.05.24"]
[EventType "swiss (blitz)"]
[EventRounds "11"]
[EventCountry "USA"]
[SourceTitle "EXT 2023"]
[Source "ChessBase"]
[SourceDate "2022.10.05"]
[SourceVersion "1"]
[SourceVersionDate "2022.10.05"]
[SourceQuality "1"]

1. c4 e5 2. Nc3 Nc6 3. Nf3 f5 4. g3 Nf6 5. d4 exd4 6. Nxd4 Nxd4 7. Qxd4 Bb4 8. Bg2 0-0 9. 0-0 Bxc3 10. Qxc3 Ne4 11. Qd4 Qe7 12. b3 Qf6 13. Bb2 Qxd4 14. Bxd4 d6 15. g4 Bd7 16. f3 Nf6 17. g5 Ne8 18. f4 c6 19. Rad1 Be6 20. Rf3 Nc7 21. Bb2 d5 22. Be5 Na6 23. Re3 dxc4 24. Bxg7 Kxg7 25. Rxe6 cxb3 26. axb3 Nc5 27. Re7+ Rf7 28. Rxf7+ Kxf7 29. b4 Ne6 30. Rd7+ Kg6 31. e3 Rb8 32. Bf1 Nf8 33. Rd6+ Kg7 34. Bd3 Re8 35. Kf2 Re6 36. Rd8 Re7 37. Bxf5 b6 38. Kf3 Rc7 39. Bd3 c5 40. bxc5 bxc5 41. Bc4 Ng6 42. Rg8# 1-0

[Event "Titled Tuesday intern op 24th May Late"]
[Site "Chess.com INT"]
[Date "2022.05.24"]
[Round "11"]
[White "Haas, Michael"]
[Black "Sibilio, Mario"]
[Result "1-0"]
[WhiteElo "2197"]
[BlackElo "2279"]
[PlyCount "61"]
[EventDate "2022.05.24"]
[EventType "swiss (blitz)"]
[EventRounds "11"]
[EventCountry "USA"]
[SourceTitle "EXT 2023"]
[Source "ChessBase"]
[SourceDate "2022.10.05"]
[SourceVersion "1"]
[SourceVersionDate "2022.10.05"]
[SourceQuality "1"]

1. d4 d5 2. c4 Nc6 3. cxd5 Qxd5 4. e3 e5 5. Nc3 Bb4 6. a3 Bxc3+ 7. bxc3 exd4 8. cxd4 Bf5 9. Nf3 Nge7 10. Bd3 Bxd3 11. Qxd3 f5 12. 0-0 0-0 13. Rb1 b6 14. Bb2 Na5 15. Rbc1 c6 16. Ne5 Ng6 17. Nxg6 hxg6 18. Bc3 Nb7 19. Qc2 Rf6 20. Qb2 Re8 21. Rfd1 f4 22. Bd2 f3 23. Bb4 Re4 24. Qc2 fxg2 25. Qc4 Nd6 26. Qxd5+ cxd5 27. Rc7 a5 28. Bxd6 Rxd6 29. Rdc1 b5 30. Rc8+ Kf7 31. R1c5 1-0

[Event "Titled Tuesday intern op 17th May Late"]
[Site "Chess.com INT"]
[Date "2022.05.17"]
[Round "7"]
[White "Chen, Justin"]
[Black "Haas, Michael"]
[Result "1-0"]
[WhiteElo "2322"]
[BlackElo "2197"]
[PlyCount "109"]
[EventDate "2022.05.17"]
[EventType "swiss (blitz)"]
[EventRounds "11"]
[EventCountry "USA"]
[SourceTitle "CBM 208 Extra"]
[Source "ChessBase"]
[SourceDate "2022.07.31"]
[SourceVersion "1"]
[SourceVersionDate "2022.07.31"]
[SourceQuality "1"]

1. d4 d5 2. Bf4 Nf6 3. e3 c5 4. c3 Qb6 5. Qc2 g6 6. Nd2 Bf5 7. Qb3 c4 8. Qxb6 axb6 9. a3 Nc6 10. Rc1 Bg7 11. Ngf3 h6 12. h3 g5 13. Bh2 Ne4 14. Nxe4 Bxe4 15. Nd2 Bg6 16. e4 e6 17. Be2 0-0 18. 0-0 b5 19. exd5 exd5 20. Rfe1 f5 21. Bf3 Bf7 22. Nf1 Rfe8 23. Ne3 Ne7 24. Bd6 f4 25. Bxe7 fxe3 26. Rxe3 Ra6 27. Rce1 Raa8 28. Bg4 Bf8 29. Bxf8 Kxf8 30. Bd7 Rxe3 31. Rxe3 Ra5 32. Kh2 b4 33. cxb4 Ra6 34. Kg3 Rd6 35. Bf5 b6 36. f4 Rf6 37. Re5 Kg7 38. fxg5 hxg5 39. Bc2 Kh6 40. Rf5 Kg7 41. Rxf6 Kxf6 42. Kf3 Bh5+ 43. Ke3 g4 44. h4 g3 45. Kf4 Be2 46. Kxg3 Bf1 47. Kf3 b5 48. g4 Bh3 49. g5+ Kg7 50. Kf4 Bf1 51. Bf5 Kf7 52. Ke5 Bd3 53. Be6+ Kg6 54. Bxd5 c3 55. bxc3 1-0

[Event "Titled Tuesday intern op 17th May Late"]
[Site "Chess.com INT"]
[Date "2022.05.17"]
[Round "6"]
[White "Haas, Michael"]
[Black "Bettalli, Francesco"]
[Result "0-1"]
[WhiteElo "2197"]
[BlackElo "2304"]
[PlyCount "142"]
[EventDate "2022.05.17"]
[EventType "swiss (blitz)"]
[EventRounds "11"]
[EventCountry "USA"]
[SourceTitle "CBM 208 Extra"]
[Source "ChessBase"]
[SourceDate "2022.07.31"]
[SourceVersion "1"]
[SourceVersionDate "2022.07.31"]
[SourceQuality "1"]

1. d4 e5 2. dxe5 Nc6 3. Nf3 Qe7 4. Bf4 Qb4+ 5. Nc3 Qxb2 6. Bd2 Bb4 7. Rb1 Qa3 8. Nb5 Qa5 9. e3 a6 10. Nbd4 Bxd2+ 11. Qxd2 Qxd2+ 12. Kxd2 Nge7 13. Bc4 Ng6 14. Nxc6 dxc6 15. Rhd1 0-0 16. e6 Bxe6 17. Bxe6 fxe6 18. Rxb7 e5 19. Ke2 Rab8 20. Rdb1 Rxb7 21. Rxb7 e4 22. Nd4 Ne5 23. h3 c5 24. Ne6 Rf6 25. Nxc7 Rd6 26. f3 exf3+ 27. gxf3 Nc4 28. f4 Rd2+ 29. Kf3 Rxc2 30. Nxa6 h5 31. Nxc5 Nd2+ 32. Ke2 Rxa2 33. Rb8+ Kh7 34. Kd3 Nf1 35. Rb3 Rd2+ 36. Ke4 Rh2 37. Rb7 Rxh3 38. Ne6 Rg3 39. f5 Kh6 40. Kf4 Rg4+ 41. Kf3 Nd2+ 42. Ke2 Ne4 43. Kf3 Nd6 44. Rd7 Nxf5 45. Nf4 Nh4+ 46. Ke4 g5 47. Rd6+ Kh7 48. Rd7+ Kg8 49. Ke5 gxf4 50. exf4 Ng6+ 51. Kf6 Nxf4 52. Rd8+ Kh7 53. Rd7+ Kh6 54. Rd8 Ng6 55. Kf5 Rf4+ 56. Ke6 Kg5 57. Rd1 h4 58. Rg1+ Rg4 59. Rh1 h3 60. Kf7 Nf4 61. Ke7 Kh4 62. Kf6 Kg3 63. Kf5 Rh4 64. Rg1+ Ng2 65. Ra1 h2 66. Kg5 Rg4+ 67. Kf5 Rf4+ 68. Kg5 Re4 69. Ra3+ Re3 70. Ra1 Re1 71. Ra3+ Ne3 0-1

[Event "Titled Tuesday intern op 17th May Late"]
[Site "Chess.com INT"]
[Date "2022.05.17"]
[Round "10"]
[White "Milchev, Nikolay"]
[Black "Haas, Michael"]
[Result "1-0"]
[WhiteElo "2408"]
[BlackElo "2197"]
[PlyCount "119"]
[EventDate "2022.05.17"]
[EventType "swiss (blitz)"]
[EventRounds "11"]
[EventCountry "USA"]
[SourceTitle "CBM 208 Extra"]
[Source "ChessBase"]
[SourceDate "2022.07.31"]
[SourceVersion "1"]
[SourceVersionDate "2022.07.31"]
[SourceQuality "1"]

1. Nf3 d5 2. c4 e6 3. g3 Nf6 4. Bg2 Be7 5. 0-0 0-0 6. d4 dxc4 7. Qa4 b6 8. Qxc4 Bb7 9. Nc3 Nbd7 10. Rd1 Rc8 11. Bg5 c5 12. dxc5 Rxc5 13. Qb3 Qc8 14. a4 Bxf3 15. Bxf6 Bxf6 16. Bxf3 Bxc3 17. bxc3 Rxc3 18. Qb5 Nf6 19. a5 Rc5 20. Qb4 bxa5 21. Rxa5 Rc1 22. Rxc1 Qxc1+ 23. Kg2 Qc7 24. Qa4 h6 25. Rxa7 Qe5 26. Ra5 Qd6 27. h4 Rd8 28. Ra6 Qd1 29. Qxd1 Rxd1 30. Ra8+ Kh7 31. h5 g6 32. hxg6+ Kxg6 33. Ra5 Rd2 34. g4 Nd7 35. Kg3 Nf6 36. e3 Rb2 37. Bg2 Rb4 38. f4 Ne4+ 39. Kh4 f5 40. Ra6 Kf6 41. gxf5 Kxf5 42. Bh3+ Kg6 43. Rxe6+ Kg7 44. Bf5 Nf6 45. e4 Rb2 46. e5 Nd5 47. Rg6+ Kf7 48. e6+ Kf8 49. Bg4 Nxf4 50. Rf6+ Ke7 51. Rxf4 Rh2+ 52. Bh3 Rh1 53. Rf7+ Ke8 54. Rh7 h5 55. Rxh5 Ke7 56. Rh7+ Ke8 57. Kg5 Rg1+ 58. Kf6 Rf1+ 59. Bf5 Rh1 60. Bg6+ 1-0

[Event "Donau op 30th"]
[Site "Aschach"]
[Date "2021.12.30"]
[Round "6"]
[White "Leisch, Lukas"]
[Black "Haas, Michael"]
[Result "1-0"]
[WhiteElo "2401"]
[BlackElo "2168"]
[PlyCount "93"]
[EventDate "2021.12.26"]
[EventType "swiss"]
[EventRounds "7"]
[EventCountry "AUT"]
[SourceTitle "EXT 2023"]
[Source "ChessBase"]
[SourceDate "2022.10.05"]
[SourceVersion "1"]
[SourceVersionDate "2022.10.05"]
[SourceQuality "1"]

1. e4 e6 2. d4 d5 3. Nd2 Nf6 4. e5 Nfd7 5. Bd3 c5 6. c3 Nc6 7. Ne2 Qb6 8. Nf3 cxd4 9. cxd4 f6 10. exf6 Nxf6 11. 0-0 Bd6 12. Bf4 Bxf4 13. Nxf4 0-0 14. Re1 Bd7 15. Qd2 Rae8 16. Rad1 Qa5 17. Qxa5 Nxa5 18. Ne5 Bc8 19. Bb5 Re7 20. Rc1 Ne4 21. g3 Nd6 22. Bf1 Nf7 23. Nfd3 Nd6 24. Nf4 Nf7 25. Nxf7 Kxf7 26. Bb5 a6 27. b4 axb5 28. bxa5 Bd7 29. Rc7 Ra8 30. Rxb7 Rxa5 31. Re2 Ra4 32. Rd2 Bc6 33. Rb6 Rc7 34. Nd3 Bd7 35. Nc5 Rc4 36. Kg2 e5 37. Nxd7 Rxd7 38. dxe5 Re4 39. f4 d4 40. Rxb5 d3 41. Kf3 Ra4 42. Rb3 Rda7 43. Rbxd3 Rxa2 44. Rxa2 Rxa2 45. h4 Ke6 46. Rd6+ Kf5 47. g4# 1-0

[Event "Donau op 30th"]
[Site "Aschach"]
[Date "2021.12.28"]
[Round "4"]
[White "Schreiner, Peter"]
[Black "Haas, Michael"]
[Result "1-0"]
[WhiteElo "2421"]
[BlackElo "2168"]
[PlyCount "41"]
[EventDate "2021.12.26"]
[EventType "swiss"]
[EventRounds "7"]
[EventCountry "AUT"]
[SourceTitle "EXT 2023"]
[Source "ChessBase"]
[SourceDate "2022.10.05"]
[SourceVersion "1"]
[SourceVersionDate "2022.10.05"]
[SourceQuality "1"]

1. e4 e6 2. d4 d5 3. e5 c5 4. c3 Nc6 5. Nf3 Qb6 6. Bd3 Bd7 7. dxc5 Bxc5 8. 0-0 Qc7 9. Re1 Nh6 10. b4 Bf8 11. Bf4 f5 12. Na3 a6 13. Qd2 Nf7 14. Bxf5 exf5 15. e6 Bd6 16. exf7+ Kf8 17. Bxd6+ Qxd6 18. Nc4 Qf6 19. Nb6 Rd8 20. Nxd7+ Rxd7 21. Re8+ 1-0

[Event "AUT-ch Vor2 Internet"]
[Site "Playchess.com INT"]
[Date "2020.04.13"]
[Round "1"]
[White "Haas, Michael"]
[Black "Belke, Frank"]
[Result "0-1"]
[WhiteElo "2141"]
[BlackElo "2273"]
[PlyCount "102"]
[EventDate "2020.04.13"]
[EventType "swiss (blitz)"]
[EventRounds "9"]
[EventCountry "AUT"]
[SourceTitle "CBM 195 Extra"]
[Source "ChessBase"]
[SourceDate "2020.05.31"]
[SourceVersion "1"]
[SourceVersionDate "2020.05.31"]
[SourceQuality "1"]

1. d4 Nf6 2. Nf3 g6 3. Bg5 Ne4 4. Bh4 Bg7 5. Nbd2 d5 6. e3 Nd7 7. Bd3 Ndf6 8. Ne5 0-0 9. c3 Bf5 10. Qc2 Nd6 11. 0-0 c6 12. f3 Bxd3 13. Qxd3 Nf5 14. Bf2 Nd7 15. Nxd7 Qxd7 16. e4 Nd6 17. Rfe1 dxe4 18. fxe4 Rad8 19. Nc4 Nxc4 20. Qxc4 e6 21. Rad1 Qe7 22. Qa4 a6 23. e5 Rd5 24. Qc2 b5 25. b4 Rfd8 26. a4 Qd7 27. Ra1 Bf8 28. axb5 axb5 29. Ra6 Bg7 30. Rea1 f6 31. exf6 Bxf6 32. Ra7 Qe8 33. Bg3 R5d7 34. R7a6 Rd5 35. Qf2 Rf5 36. Qe2 Qd7 37. Ra7 Qd5 38. Rc7 Rd7 39. Rc8+ Kf7 40. Raa8 Qb3 41. Rf8+ Kg7 42. Rg8+ Kf7 43. Raf8+ Ke7 44. Re8+ Kf7 45. Rgf8+ Kg7 46. Qxe6 Qxe6 47. Rxe6 Kxf8 48. Rxc6 Kf7 49. h3 Be7 50. Kh2 Rf6 51. Be5 Rxc6 0-1

[Event "Verbandsliga Nordbaden 1819"]
[Site "Baden"]
[Date "2019.03.31"]
[Round "8.3"]
[White "Haas, Michael"]
[Black "Tschann, Stephan"]
[Result "1/2-1/2"]
[WhiteElo "2101"]
[BlackElo "2216"]
[PlyCount "134"]
[EventDate "2018.10.14"]
[EventType "team-tourn"]
[EventRounds "9"]
[EventCountry "GER"]
[SourceTitle "EXT 2020"]
[Source "ChessBase"]
[SourceDate "2019.10.17"]
[SourceVersion "1"]
[SourceVersionDate "2019.10.17"]
[SourceQuality "1"]
[WhiteTeam "Walldorf II"]
[BlackTeam "Ettlingen"]
[WhiteTeamCountry "GER"]
[BlackTeamCountry "GER"]

1. e4 e5 2. Nf3 Nc6 3. Bc4 Bc5 4. d3 Nf6 5. Nc3 d6 6. Be3 Bb6 7. Bb3 Nd4 8. Bxd4 exd4 9. Ne2 Bg4 10. Qd2 c5 11. Ba4+ Nd7 12. Qf4 Ba5+ 13. Kf1 Bxf3 14. gxf3 Qe7 15. Qg4 g6 16. Nf4 0-0-0 17. Nd5 Qe6 18. Bxd7+ Rxd7 19. h4 f5 20. Qg3 Rf8 21. Ke2 Re8 22. Kd1 c4 23. b4 Bb6 24. dxc4 fxe4 25. Re1 e3 26. fxe3 dxe3 27. Ke2 Qf5 28. Rac1 Bd4 29. Qg4 Qe5 30. Kd3 Bb6 31. Re2 Qb2 32. Rce1 h5 33. Qf4 Qg7 34. Nxb6+ axb6 35. Rxe3 Red8 36. Qd4 Qxd4+ 37. Kxd4 d5 38. c3 dxc4+ 39. Kxc4 Rf7 40. Re6 Rxf3 41. Rxg6 Kb8 42. Re7 Ka7 43. Rgg7 Ka6 44. Rxb7 b5+ 45. Rxb5 Rf4+ 46. Kb3 Kxb5 47. Rg6 Rd6 48. Rxd6 Rxb4+ 49. Kc2 Rxh4 50. Rd8 Kc6 51. Kb3 Rh1 52. Rh8 Kc5 53. Rc8+ Kb5 54. a4+ Kb6 55. Rb8+ Kc6 56. Rg8 h4 57. Kb4 h3 58. Rg6+ Kc7 59. Rh6 h2 60. Kc5 Rc1 61. Rh7+ Kb8 62. Rxh2 Rxc3+ 63. Kb6 Rb3+ 64. Ka6 Ka8 65. a5 Rb8 66. Rh6 Rb1 67. Rb6 Rh1 1/2-1/2

[Event "Verbandsliga Nordbaden 1718"]
[Site "Baden"]
[Date "2017.10.08"]
[Round "1.1"]
[White "Haas, Michael"]
[Black "Gasthofer, Viktor"]
[Result "1/2-1/2"]
[WhiteElo "2045"]
[BlackElo "2298"]
[PlyCount "183"]
[EventDate "2017.10.08"]
[EventType "team-tourn"]
[EventRounds "9"]
[EventCountry "GER"]
[SourceTitle "EXT 2019"]
[Source "ChessBase"]
[SourceDate "2018.10.10"]
[SourceVersion "1"]
[SourceVersionDate "2018.10.10"]
[SourceQuality "1"]
[WhiteTeam "Walldorf II"]
[BlackTeam "Bad Mergentheim II"]
[WhiteTeamCountry "GER"]
[BlackTeamCountry "GER"]

1. e4 e6 2. d3 d5 3. Nd2 Nf6 4. Ngf3 b6 5. e5 Nfd7 6. d4 c5 7. c3 Be7 8. Bd3 cxd4 9. cxd4 Ba6 10. Bxa6 Nxa6 11. 0-0 0-0 12. Qe2 Qc8 13. Nb1 Qc4 14. Qxc4 dxc4 15. Nc3 Nb4 16. Bg5 f6 17. exf6 gxf6 18. Bh6 Rfd8 19. Rac1 Rac8 20. a4 Kf7 21. Rfd1 Nb8 22. Ne4 N8a6 23. Bd2 Nd5 24. g3 Nab4 25. Bxb4 Nxb4 26. Ned2 Nd3 27. Rc2 Nxb2 28. Rxb2 c3 29. Rc2 cxd2 30. Rdxd2 Rxc2 31. Rxc2 Rd5 32. Kf1 Ra5 33. Rc4 b5 34. axb5 Rxb5 35. Nd2 a5 36. Rc7 a4 37. Ra7 Rb4 38. Ke2 Rxd4 39. Ke3 Rb4 40. Kd3 e5 41. Kc3 Rd4 42. Nc4 Rd1 43. Ne3 Rd6 44. Nf5 Re6 45. Kc4 e4 46. Kd4 a3 47. Ke3 Kf8 48. Nxe7 Rxe7 49. Rxa3 Kf7 50. Ra4 h5 51. Rxe4 Ra7 52. Rd4 Kg6 53. Kf3 Ra2 54. Kg2 Rb2 55. Re4 Ra2 56. Re1 Kg5 57. h4+ Kg6 58. Re3 Rb2 59. Kf3 Ra2 60. Rb3 Rc2 61. Ke3 Ra2 62. f3 Ra4 63. Rd3 Rb4 64. Rd4 Rb3+ 65. Kf4 Rb1 66. Ra4 Re1 67. g4 hxg4 68. fxg4 Rf1+ 69. Kg3 Rg1+ 70. Kh2 Rb1 71. Rf4 Ra1 72. Kg2 Rb1 73. Rf1 Rb3 74. Rf3 Rb1 75. Rf5 Rb2+ 76. Kg3 Rb3+ 77. Rf3 Rb5 78. Re3 Ra5 79. Kf4 Ra4+ 80. Re4 Ra1 81. h5+ Kf7 82. Rb4 Rf1+ 83. Kg3 Kg7 84. Kg2 Ra1 85. Rb7+ Kg8 86. Kf3 Ra4 87. Kg3 Rc4 88. h6 Rc1 89. h7+ Kh8 90. Kf4 Rc5 91. Rf7 Ra5 92. Rxf6 1/2-1/2